Clubs ayant joué le barrage d'accession au Top 14. - Statistiques

Statistiques générales
  • Ce quiz a été pris 435 fois
    267 depuis la dernière actualisation
  • Le résultat moyen est 8 sur 10
Statistiques - réponses
% Correct
2022 | 2023 | 2025 USA Perpignan
95%
2018 | 2019 | 2023 | 2024 | 2025 FC Grenoble
94%
2021 Biarritz olympique
90%
2021 Aviron bayonnais
89%
2024 Montpellier HR
88%
2018 US Oyonnax
77%
2019 CA Brive
75%
2005 Section paloise
61%
2022 Stade montois
60%
2005 Stade aurillacois
21%
Aucun quiz correspondant
Distribution des résultats
% des personnes avec chaque résultat
Percentile par nombre de réponses
Votre historique - résultats
Vous n’avez pas pris ce quiz depuis la dernière actualisation